Technology and global competition : The challenge for newly industrialising economies
Telling us a challenge for newly industrializing economies
Zapisane w:
| 1. autor: | |
|---|---|
| Format: | Książka |
| Język: | Undetermined |
| Wydane: |
Paris
Development Centre of the Organisation for Economic Co-operation and Development
1989
|
| Hasła przedmiotowe: | |
| Etykiety: |
Dodaj etykietę
Nie ma etykietki, Dołącz pierwszą etykiete!
|
| Thư viện lưu trữ: | Trung tâm Học liệu Trường Đại học Cần Thơ |
|---|
| LEADER | 00925nam a2200229Ia 4500 | ||
|---|---|---|---|
| 001 | CTU_219150 | ||
| 008 | 210402s9999 xx 000 0 und d | ||
| 082 | |a 658.049 | ||
| 082 | |b E71 | ||
| 100 | |a Ernst, Dieter | ||
| 245 | 0 | |a Technology and global competition : | |
| 245 | 4 | |b The challenge for newly industrialising economies | |
| 245 | 0 | |c Dieter Ernst, David O'Connor | |
| 260 | |a Paris | ||
| 260 | |b Development Centre of the Organisation for Economic Co-operation and Development | ||
| 260 | |c 1989 | ||
| 520 | |a Telling us a challenge for newly industrializing economies | ||
| 650 | |a Technological innovations,Đổi mới công nghệ,Competition, International,Cạnh tranh, toàn cầu | ||
| 650 | |x Economic aspects,Khía cạnh kinh tế | ||
| 650 | |z Developing countries,Quốc gia đang phát triển | ||
| 904 | |i Nguyên | ||
| 980 | |a Trung tâm Học liệu Trường Đại học Cần Thơ | ||